000 00890nam a2200289Ia 4500
003 OSt
005 20221005085703.0
006 a|||||r|||| 00| 0
007 ta
008 221004b |||||||| |||| 00| 0 eng d
020 _a1593851502
_c1562.4
024 _a85229
037 _b1212, 24/03/2006, The Book Seller
_cTextual
040 _aCRL
_cCRL
_beng
041 _2eng
_aeng
082 _aY:49(Q:3), P5
100 _aHood Ralph W.
_9505727
245 0 _aPsychology of religious fundamentalism
260 _aNew York
_bGuilford Press U. S. A.
_c2005
300 _a247p.
_ccm.
650 _a CRIMES
_935780
650 _aPSYCHOLOGY
700 _a Hill PeterC.
_9614450
700 _a Williamson Paul W.
_9614451
942 _hY:49(Q:3), P5
_cTEXL
_2cc
999 _c994602
_d994602